Statistics for The Alphabet Backwards in 20 Seconds

Click here to take the quiz!

General Stats

  • This quiz has been taken 20 times
  • The average score is 8 of 26

Answer Stats

Answer% Correct
wenter the alphabet backwards in 20 seconds or less
100%
xenter the alphabet backwards in 20 seconds or less
100%
yenter the alphabet backwards in 20 seconds or less
100%
zenter the alphabet backwards in 20 seconds or less
100%
venter the alphabet backwards in 20 seconds or less
75%
aenter the alphabet backwards in 20 seconds or less
50%
qenter the alphabet backwards in 20 seconds or less
50%
renter the alphabet backwards in 20 seconds or less
50%
senter the alphabet backwards in 20 seconds or less
50%
tenter the alphabet backwards in 20 seconds or less
50%
uenter the alphabet backwards in 20 seconds or less
50%
benter the alphabet backwards in 20 seconds or less
25%
center the alphabet backwards in 20 seconds or less
25%
denter the alphabet backwards in 20 seconds or less
0%
eenter the alphabet backwards in 20 seconds or less
0%
fenter the alphabet backwards in 20 seconds or less
0%
genter the alphabet backwards in 20 seconds or less
0%
henter the alphabet backwards in 20 seconds or less
0%
ienter the alphabet backwards in 20 seconds or less
0%
jenter the alphabet backwards in 20 seconds or less
0%
kenter the alphabet backwards in 20 seconds or less
0%
lenter the alphabet backwards in 20 seconds or less
0%
menter the alphabet backwards in 20 seconds or less
0%
nenter the alphabet backwards in 20 seconds or less
0%
oenter the alphabet backwards in 20 seconds or less
0%
penter the alphabet backwards in 20 seconds or less
0%

Score Distribution

Percentile by Number Answered

Percent of People with Each Score

Your Score History

You have not taken this quiz